000 nam a22 7a 4500
999 _c174348
_d174348
003 ASAB
005 20170124112913.0
008 170124b xxu||||| |||| 00| 0 eng d
040 _cASAB
082 _a343.54
245 _aAudit Code
_bapplicable to the federal civil servants in pakistan with questions and answers
_cZaka Ali
260 _akarachi
_bthe ideal publishers
300 _a238 P
942 _2ddc
_cBK